Normal view
MARC view
Entry Personal Name
001 - CONTROL NUMBER
- control field: 234425
003 - CONTROL NUMBER IDENTIFIER
- control field: OSt
005 - DATE AND TIME OF LATEST TRANSACTION
- control field: 20250807102805.0
008 - FIXED-LENGTH DATA ELEMENTS
- fixed length control field: 250807|| aca||aabn | a|a d
040 ## - CATALOGING SOURCE
- Original cataloging agency: OSt
- Transcribing agency: OSt
100 ## - HEADING--PERSONAL NAME
- Personal name: MANGALURU VISHVAVIDYALAYA kannada adhypakara sangha;VIKASA
- Dates associated with a name: ಮಂಗಳೂರು ವಿಶ್ವವಿದ್ಯಾಲಯ ಕನ್ನಡ ಅಧ್ಯಾಪಕರ ಸಂಘ
670 ## - SOURCE DATA FOUND
- Source citation: Work cat.: (OSt)213994: MANGALURU VISHVAVIDYALAYA kannada adhypakara sangha;VIKASA ಮಂಗಳೂರು ವಿಶ್ವವಿದ್ಯಾಲಯ ಕನ್ನಡ ಅಧ್ಯಾಪಕರ ಸಂಘ, Vikasa: nutana pattyakrama yojane, 2005